000 00474nam a2200157 u 4500
001 000003201
005 20240304103305.0
008 090707s2001 dr r 000 0 spa d
040 _aDO-SdBNP
_bspa
_cBNPHU
082 _axx
_bxx
110 1 _aRepública Dominicana.
_b Secretaría de Estado de Medio Ambiente y Recursos Naturales
_914503
245 1 0 _aReglamento forestal.
260 _aSanto Domingo :
_bBúho,
_c2001.
300 _a60 p. ;
_c22 cm.
500 _aIncluye índice
999 _c3032
_d3032